Применение индукционного разряда для накачки газовых лазеров; Электронные приборы, системы и технологии

Bibliografiske detaljer
Parent link:Электронные приборы, системы и технологии.— 2012.— C. 76-79
Hovedforfatter: Сухарников К. В. Константин Владимирович
Andre forfattere: Губарев Ф. А. Фёдор Александрович (научный руководитель), Суханов В. Б. Виктор Борисович, Губарев Ф. А.
Sprog:russisk
Udgivet: 2012
Serier:Оптоэлектронная, лазерная и ультразвуковая техника
Fag:
Format: Book Chapter
KOHA link:https://koha.lib.tpu.ru/cgi-bin/koha/opac-detail.pl?biblionumber=253088

MARC

LEADER 00000naa2a2200000 4500
001 253088
005 20240209133021.0
035 |a (RuTPU)RU\TPU\book\275469 
035 |a RU\TPU\book\275460 
090 |a 253088 
100 |a 20140311d2012 k y0rusy50 ca 
101 0 |a rus 
102 |a RU 
200 1 |a Применение индукционного разряда для накачки газовых лазеров  |f К. В. Сухарников, Ф. А. Губарев, В. Б. Суханов  |g науч. рук. Ф. А. Губарев 
225 1 |a Оптоэлектронная, лазерная и ультразвуковая техника 
320 |a Библиогр.: с. 79 (6 назв.) 
463 1 |0 (RuTPU)RU\TPU\book\269457  |t Электронные приборы, системы и технологии  |o сборник научных трудов II Всероссийской научно-практической конференции студентов, аспирантов и молодых ученых, Томск, 22-27 октября 2012 г.  |f Национальный исследовательский Томский политехнический университет (ТПУ)  |v C. 76-79  |d 2012  |p 151 с. 
610 1 |a труды учёных ТПУ 
610 1 |a индукционный разряд 
610 1 |a накачка 
610 1 |a газовые лазеры 
610 1 |a CuBr-лазеры 
610 1 |a газоразрядные лазеры 
700 1 |a Сухарников  |b К. В.  |c специалист в области ускорительной техники  |c техник Томского политехнического университета  |f 1989-  |g Константин Владимирович  |3 (RuTPU)RU\TPU\pers\31230 
701 1 |a Губарев  |b Ф. А.  |c специалист в области электроники  |c доцент Томского политехнического университета, кандидат физико-математических наук  |f 1979-  |g Фёдор Александрович  |3 (RuTPU)RU\TPU\pers\25668  |9 11579 
701 1 |a Суханов  |b В. Б.  |c специалист в области электроники  |c инженер Томского политехнического университета  |f 1945-  |g Виктор Борисович  |3 (RuTPU)RU\TPU\pers\31231 
702 1 |a Губарев  |b Ф. А.  |4 727 
801 1 |a RU  |b 63413507  |c 20140227 
801 2 |a RU  |b 63413507  |c 20140311  |g RCR 
942 |c BK